00467nam a2200157Ia 4500008004100000041000800041082001700049100002600066245006500092260002800157300000800185365001600193700002600209906005500235999001900290230714s9999 xx 000 0 und d aeng a330.954bPRA aPrakash B.A. (Editor) aIndian Economy Since 1991bEconomic Reforms And Performance c2009bPearson Education a598 cRs.b450.00 aPrakash B.A. (Editor) dO:0034126-Oct-2009B:109100060229-Sep-2009cITb450 c198459d198459